000 00370nam a2200157Ia 4500
003 Ost
005 20260225132544.0
008 260225s9999||||xx |||||||||||||| ||und||
040 _cfsic
041 _afre
082 _a440
100 _ajoelle redoune
_eAuteur
245 0 _aL'orint arabe vu par les voyageurs anglais /
245 0 _cjoelle redoune
942 _cكتاب
999 _c33705
_d33705